01552 2200253 4500001002100000005001500021035002000036007000300056008004100059020002200100082001200122084001800134100003100152245008900183250001200272300003500284650001700319700003300336520082500369264003001194336002101224337003001245338002301275INLIS00000000000016620260416020046 a0010-0426000165ta260416 g 0 ind  a978-979-29-3068-9 a005.118 a005.118 WAH v0 aWahana KomputerePengarang1 aVisual basic 2010 programming /cPenulis, Wahana Komputer ; Editor, FI.Sigit Suyanto aPertama a206 :bilustrasi ;c16 x 23 cm 4aVisual basic0 aFI.Sigit SuyantoePenyunting aVisual Basic 2010 merupakan bahasa pemrograman yang paling populer dalam dunia komputer. Aneka program dapat dibuat menggunakan Visual Basic 2010. Dengan memelajari pemrograman di Visual Basic 2010 akan membuat Anda memiliki paradigma yang luas sebagai programmer yang dituntut harus serba bisa, disamping untuk meng-update kemampuan Anda dalam bidang IT. Bahasa pemrograman ini merupakan bahasa pemrograman yang sudah cukup uzur dan merupakan pengembangan dari Visual Basic yang telah memiliki komunitas pengguna yang cukup besar. Dengan memanfaatkan contoh yang ada di buku ini, diharapkan pengguna yang masih pemula atau yang memiliki pengetahuan dasar Visual Basic akan mampu menguasai fitur-fitur Visual Basic 2010. Pada buku ini dibahas bagaimana memanfaatkan Visual Basic 2010 untuk pemrograman profesional. aYogyakarta :bANDI,c2010 2rdacontentaTeks 2rdamediaaTanpa Perantara 2rdacarrieravolume